| 000 | 00389nam a22001337a 4500 | ||
|---|---|---|---|
| 003 | SGT | ||
| 082 |
_a617.672 _bC11P |
||
| 100 | _aSHEFALI, PHOGAT | ||
| 245 | _aCLINICAL AND RADIOGRAPHIC EXAMINATION OF ENDOSCOPICALLY CONTROLLED INDIRECT SINUS LIFT AN INVIVO STUDY | ||
| 260 |
_aDELHI NCR _bSGT UNIVERSITY GURUGRAM _c2011 |
||
| 300 | _a1-67 | ||
| 650 | _aPROSTHODONTICS | ||
| 942 |
_2ddc _cTH |
||
| 999 |
_c16193 _d16193 |
||